| 000 | 00786cam a2200253 4500 | ||
|---|---|---|---|
| 001 | 185669156X | ||
| 008 | 011217n1999 000 0 eng u | ||
| 035 | _a(Sirsi) u116022 | ||
| 050 | _a725.23 | ||
| 100 | _aMyerson, J. | ||
| 245 | 4 | _aThe creative office | |
| 260 |
_aLondon _bLaurence King _c1999 |
||
| 300 |
_a240p. _bill. _c30cm. |
||
| 350 | _a45.00 | ||
| 520 | _aSurveys current workplace design, examining the shift in work patterns afforded by information technology and presenting more than 40 case studies from around the world. | ||
| 650 | _aOFFICE DESIGN | ||
| 650 | _aOFFICE LAYOUT | ||
| 650 | _aOFFICE PLANNING | ||
| 650 | _aOFFICES | ||
| 650 | _aWORKING PRACTICES | ||
| 690 | _aBUILT ENVIRONMENT-CONSTRUCTION DESIGN | ||
| 700 | _aRoss, P. | ||
| 942 | _n0 | ||
| 999 |
_c101804 _d101804 |
||